000 00493nmm a2200169Ia 4500
008 251105s9999||||xx |||||||||||||||||und||
020 _a9788490078112
041 _aspa
100 _aQuesada, Gonzalo de
245 0 _aLos chinos en la independencia de Cuba
264 _a[Madrid, España] :
_bLinkgua,
_c2016
300 _a140 páginas
490 _aHistoria
650 _aHistory of the Americas: Latin America
856 _uhttps://public.digitaliapublishing.com/a/48703
942 _cCF
999 _c87341
_d87341